Television production
Guardado en:
| Autor principal: | |
|---|---|
| Formato: | Libro |
| Lenguaje: | inglés |
| Publicado: |
Routledge
2020
|
| Etiquetas: |
Agregar Etiqueta
Sin Etiquetas, Sea el primero en etiquetar este registro!
|
MARC
| LEADER | 00000nam a22000007a 4500 | ||
|---|---|---|---|
| 008 | 230807b |||||||| |||| 00| 0 eng d | ||
| 020 | |a 9780367136338 | ||
| 100 | |a OWENS, Jim | ||
| 245 | |a Television production |c Jim Owens |g xix,430p; ill | ||
| 260 | |b Routledge |c 2020 |h New York |i 700202 |i 700203 |l PN1992.75.Ow2 |m Television -Production and direction |m Television -Equipment and supplies | ||
| 500 | |a it includes index | ||
| 942 | |a lcc |c BK |e Johnson |f 07/08/23 | ||
| 952 | |0 0 |1 0 |2 lcc |4 0 |6 PN199275 O W2 |7 0 |9 4339 |a ART |b HOL |c LP |d 2023-08-07 |l 0 |o PN1992.75.Ow2 |p 2023-0264 |r 2023-08-07 00:00:00 |t 700202 |w 2023-08-07 |y BK | ||
| 952 | |0 0 |1 0 |2 lcc |4 0 |6 PN199275 O W2 |7 0 |9 4340 |a HOL |b HOL |c LP |d 2023-08-07 |l 0 |o PN1992.75.Ow2 |p 2023-0265 |r 2023-08-07 00:00:00 |t 700203 |w 2023-08-07 |y BK | ||
| 999 | |c 2180 |d 2180 | ||